Carregant...
Indian higher education: a conglomerate of concepts, facts and practices
| Autor principal: | |
|---|---|
| Format: | Printed Book |
| Publicat: |
New Delhi
Concept
2002
|
| Matèries: |
| LEADER | 00429 a2200121 4500 | ||
|---|---|---|---|
| 020 | |a 8170229405 | ||
| 100 | |a Powar,K B | ||
| 245 | |a Indian higher education: a conglomerate of concepts, facts and practices | ||
| 260 | |a New Delhi |b Concept |c 2002 | ||
| 300 | |3 296p. | ||
| 650 | |a higher education | ||
| 999 | |c 185151 |d 185151 | ||
| 952 | |0 0 |1 0 |2 ddc |4 0 |7 0 |9 204444 |a EDU |b EDU |c ST1 |d 2011-09-07 |g 0.00 |i 6429 |l 9 |p EDU6429 |r 2020-12-04 |s 2019-06-28 |t 1 |w 2011-09-07 |y BK | ||